=LDR 00000nam 2200000 4500 =001 INLIS000000000003025 =005 20130612091334 =008 ***********************************Ind** =035 ##$$0010-061300000003025 =041 ##$$a Ind =082 ##$$a 342.02 =090 ##$$a 342.02, Per =245 ##$$a Perubahan UUD 1945 dan ketetapan-ketetapan SU-MPR tahun 1999 =260 ##$$a 1999 $b Jakarta : Rineka Cipta =300 ##$$a xi, 142 hlm. : ilus. ; 21 cm =650 ##$$a Undang-undang dasar-Aneka ragam =850 ##$$a NBPNMAT